| 000 | 00586nam a22001817a 4500 | ||
|---|---|---|---|
| 005 | 20260217190900.0 | ||
| 008 | 230930b ||||| |||| 00| 0 eng d | ||
| 040 |
_aSSBUL _cSSBUL |
||
| 082 |
_223 _a294.3823 Ht _b16138 S-SAT |
||
| 100 | 0 |
_aHtun Hmat Win, Sao. _95791 |
|
| 245 |
_aEleven Holy Discourses of Protection : _bMaha Paritta Pali / _cSao Htun Hmat Win. |
||
| 260 |
_aYangon : _bDepartment of Religious Affairs, _c1991. |
||
| 300 |
_aviii, 128 pages ; _c19 cm. |
||
| 500 | _aS-SAT: Prof. Sai Aung Tun | ||
| 500 | _aS-AC: Nun Asoka Cari | ||
| 650 | _aSutta. | ||
| 942 |
_2ddc _cBK1 |
||
| 999 |
_c29354 _d29354 |
||